1292 1827 1286 1430 1845 1164 1183 1440 1038 1553 1020 1057 1168 1093 1773 1436 1761 1954 1518 1774 1463 1205 1566 1842 1571 1074 1387 1531 1014 1999 1983 1853 1698 1791 1190 1578 1502 1299 1429 1672 1537 1591 1879 1478 1746 1682 1911 1471 1341 1824 1826 1184 1184 1395 1625 1613 1814 1085 1324 1586 1039 1798 1802 1559 1530 1674 1784 1682 1341 1581 1144 1128 1396 1650 1778 1791 1504 1769 1857 1449 1709 1742 1982 1460 1501 1289 1234 1604 1633 1351 1490 1228 1731 1299 1323 1974 1871 1525 1139 BCNSPRNW ULIB Ver.6.0+V

เปลี่ยนเป็นภาษาไทย

Change to English
 แสดงรายละเอียดบรรณานุกรม
  กลับหน้าหลัก

Brief Record : Get Marc (ISO 2709) : E-mail record : QR code < ปิดหน้าต่าง
LEADER : 00000nam 2200000uu 4500
001    13399120335
003     ULIB
008    120918s2548||||th 000 0 tha d
020    ^a9749368517
060  4 ^aWY157^bว335ก 2548
100 0  ^aวรุณวรรณ ผาโคตร
245 00 ^aการพยาบาลสูติศาสตร์=^bObstetrics Nursing/^cวรุณวรรณ ผาโคตร,บรรณาธิการ
246 0  ^aObstetrics Nursing
250    ^aพิมพ์ครั้งที่ 2
260    ^aกรุงเทพฯ:^bศูนย์หนังสือจุฬาลงกรณ์มหาวิทยาลัย,^c2548
300    ^a198 หน้า:^bภาพประกอบ
650  7 ^aสูติศาสตร์
650  7 ^aการผดุงครรภ์
700 0  ^aสิรินาถ นุชนาถ,^eผู้แต่งร่วม
945    ^p199^l0^i14093
945    ^p199^l0^i14092
995    ^aวิภา
999 ^a ใช้งานได้ทุกระบบ
รายการนี้ยังไม่มีแท็ก
คุณยังไม่ได้ล็อกอิน คุณสามารถมีกิจกรรมร่วมกับเว็บไซต์ได้ แต่ต้องล็อกอินก่อน ::
  ล็อกอิน

รายการสื่อสารสนเทศ

ลำดับที่ ประเภท เลขเรียก/บาร์โค้ด สถานที่ สถานะ
1. Book การพยาบาล
Book การพยาบาล
สถานะ=หนังสือเก่า
WY157 ว335ก 2548  
  Barcode: 14093
ห้องสมุดวิทยาเขตนครสวรรค์
►หนังสือทั่วไป:l:General Books
บนชั้น
2. Book การพยาบาล
Book การพยาบาล
สถานะ=หนังสือเก่า
WY157 ว335ก 2548 ฉ.2 
  Barcode: 14092
ห้องสมุดวิทยาเขตนครสวรรค์
►หนังสือทั่วไป:l:General Books
บนชั้น

รายการใกล้เคียง
    ผู้แต่ง [วรุณวรรณ ผาโคตร]

    หัวเรื่อง [สูติศาสตร์]
    หัวเรื่อง [การผดุงครรภ์]

BibComment


ยังไม่เคยถูกคอมเมนท์

คอมเมนท์ทรัพยากรรายการนี้
  คอมเมนท์: การพยาบาลสูติศาส..


 Copyright 2026. Bcnsprnw @Library